000 00886nam a22002417a 4500
999 _c3935
_d3935
005 20241122112200.0
008 241122b ||||| |||| 00| 0 eng d
020 _a9781783446841
040 _cKH8
082 _a823.92 SUR
100 _aSurnaite, Margarita
_eAuthor
245 _aThe lost book /
_cMargarita Surnaite
250 _aFirst edition
260 _aLondon,
_b Andersen Press,
_c2019
300 _a 1 volume (unpaged) :
_bchiefly illustrations ;
_c24 x 28 cm
520 _aAll rabbits love books, except for Henry ... he prefers games and adventures. But then he finds one very special book, and when he reads it, someone very special finds him
521 _aChildren's stories
650 _aAdventure and adventurers
_vFiction
650 _aAdventure stories
650 _aBooks and reading
700 _aSurnaite, Margarita
_eIllustrator
942 _2ddc
_cFIC